Abrasive wear behavior and mechanical properties of AI-SI-GRAPHITE (cu-coated) composite under heat treated condition [e resource : article] (Record no. 204917)
[ view plain ]
| 000 -LEADER | |
|---|---|
| fixed length control field | 00689nam a2200157Ia 4500 |
| 008 - FIXED-LENGTH DATA ELEMENTS--GENERAL INFORMATION | |
| fixed length control field | 231221s9999 xx 000 0 und d |
| 041 ## - LANGUAGE CODE | |
| Language code of text/sound track or separate title | English |
| 082 ## - DEWEY DECIMAL CLASSIFICATION NUMBER | |
| Classification number | PESIT/ME |
| 100 ## - MAIN ENTRY--PERSONAL NAME | |
| Personal name | Ramesh, C S. Prasad, T B |
| 245 #0 - TITLE STATEMENT | |
| Title | Abrasive wear behavior and mechanical properties of AI-SI-GRAPHITE (cu-coated) composite under heat treated condition [e resource : article] |
| 260 ## - PUBLICATION, DISTRIBUTION, ETC. | |
| Date of publication, distribution, etc. | 2007 |
| Name of publisher, distributor, etc. | Elsevier |
| 300 ## - PHYSICAL DESCRIPTION | |
| Extent | 629-635 |
| 510 ## - CITATION/REFERENCES NOTE | |
| Name of source | Article published in Indian Journal of Tribology, Vol.2, No.2, July-Dec. 2007, pp 15-22, contact csr_gce@yahoo.co.in |
| 650 ## - SUBJECT ADDED ENTRY--TOPICAL TERM | |
| Topical term or geographic name entry element | Abrasive,wear,behavior,scrap, piston,GRAPHITE,(cu-coated),composite,under,heat,treated,condition,:,article] |
| 942 ## - ADDED ENTRY ELEMENTS (KOHA) | |
| Koha item type | Digital Library |
| Date last seen | Total checkouts | Full call number | Accession number | Uniform resource identifier | Price effective from | Category | Lost status | Damaged status | Department | Withdrawn status | Home library | Current library | Shelving location | Entry date | Grants | Billdate | Currency symbol | Conversion rate | Discount | Old discount |
|---|---|---|---|---|---|---|---|---|---|---|---|---|---|---|---|---|---|---|---|---|
| 26/01/2024 | PESIT/ME | DL1044 | digital/articles/me/dl1044.pdf | 26/01/2024 | Digital Library | ME | Central Library | Central Library | Central Library | ME/PG | 25/02/2010 | RS | 1 |
